000 01189nam a2200217Ia 4500
003 Ost
005 20260416102400.0
008 260416s9999||||xx |||||||||||||| ||und||
040 _cfsecg
041 _aara
082 _a336.014
100 _aبوعزارة، أحلام
_eمؤلف
245 0 _aمبادئ تمويل المؤسسات :
_bمطبوعة مقدمة لطلبة السنة الثالثة ليسانس، تخصص: اقتصاد وتسيير المؤسسة /
_c أحلام بوعزارة
260 _aالجزائر
_bجامعة الجزائر3: كلية العلوم الإقتصادية، العلوم التجارية وعلوم التسيير
_c2022
300 _a109 ورقة
_bايضاحات
_c12 سم
504 _aالمراجع ص.106
520 _aمفاهيم حول التمويل،أساليب تمويل المؤسسات،الأليات المعتمدة في الجزائر في تمويل المؤسسات،مشاكل تمويل المؤسسات.
653 _aالتمويل
710 _aجامعة الجزائر3: كلية العلوم الإقتصادية، العلوم التجارية وعلوم التسيير
_eناشر علمي
942 _cHANDOUT
999 _c41391
_d41391